Biblioteca

Human ecology in a divided land : (Registro nro. 70480)

Detalles MARC
000 -LÍDER
Campo fijo de descripción fija 01566nab a2200241 i 4500
001 - NÚMERO DE CONTROL
Campo de control 768714001
003 - IDENTIFICADOR DEL NÚMERO DE CONTROL
Campo de control CO-MdFUSB
005 - FECHA Y HORA DE LA ULTIMA TRANSACCIÓN
control field 20240710143925.0
008 - ELEMENTOS DE LONGITUD FIJA -- INFORMACIÓN GENERAL
Campo fijo de descripción fija -- Información general 240710t1989 sz ||||| |||| 00| 0 eng d
040 ## - FUENTE DE CATALOGACIÓN
Idioma de catalogación spa
Agencia que realiza la transcripción CO-MdFUSB
Agencia que realiza la modificación CO-MdFUSB
041 ## - CÓDIGO DE IDIOMA
Código de idioma para texto/pista de sonido o título separado eng
100 ## - ASIENTO PRINCIPAL--NOMBRE PERSONAL
Nombre personal Noh, Jong-Sun, ‎
Término relacionador autor
245 ## - TÍTULO
Título Human ecology in a divided land :
Subtitulo towar a theology of silver fishes in the Imjeen river
Mención de responsabilidad / Jong Sun Noh
520 ## - NOTA DE RESUMEN, ETC.
Nota de sumario, etc. El siguiente artículo, escrito para dirigirse al Consejo General de la WARC, Sección III: Justicia, Paz e Integridad de la Creación, expone la interdependencia entre las tres subdivisiones de la sección. <br/>Las teologías de la división basadas en la psicosis de la división se transformarán en la teología de la reunificación de la naturaleza, los hombres y Dios, el creador. "¿Quién dices que soy?" Jesús preguntó un día a sus discípulos (Lucas 9:20). El Señor es quien cura la psicosis, y el Señor es quien exorciza a los demonios de la división en una tierra dividida. Jesús es el Señor de la salvación, la liberación, la vida eterna y la reunificación en una tierra dividida.
546 ## - NOTA DE IDIOMA
Nota de idioma Texto en inglés.
650 #7 - ASIENTO SECUNDARIO DE MATERIA - TERMINO TEMÁTICO
Término temático o nombre geográfico como elemento de entrada Antropología cultural y social
9 (RLIN) 6714
650 #7 - ASIENTO SECUNDARIO DE MATERIA - TERMINO TEMÁTICO
Término temático o nombre geográfico como elemento de entrada Teología de la liberación
9 (RLIN) 449
650 #0 - ASIENTO SECUNDARIO DE MATERIA - TERMINO TEMÁTICO
Término temático o nombre geográfico como elemento de entrada Reforma de la iglesia
9 (RLIN) 958
650 #0 - ASIENTO SECUNDARIO DE MATERIA - TERMINO TEMÁTICO
Término temático o nombre geográfico como elemento de entrada Salvación
9 (RLIN) 48
773 0# - ASIENTO DE ITEM FUENTE
Biblionumber 49396
Itemnumber 82825
Lugar, editorial y fecha de publicación Ginebra
Otro identificador del ítem R2677
Título Reformed World
Número de control del registro (CO-MdFUSB)38
Número Internacional Normalizado para Publicaciones Seriadas (ISSN) 0034-3056
Parte(s) relacionada(s) / Volumen., número. (mes año), páginas Volumen 40, (número 5, 1989) páginas: 90 - 97
Enumeración y primera página página: 90
942 ## - TIPO DE MATERIAL (KOHA)
Tipo de Item KOHA Artículos de Revista
945 ## - INFORMACIÓN LOCAL DEL REGISTRO
Catalogador Catherine Arias Álvarez - Practicante SENA

No hay ítems disponibles.

Biblioteca FUSBC | Teléfono: (57+4) 349 88 10 Ext. 141| WhatsApp (+57) 3005338115 
E-mail: biblioteca@unisbc.edu.co | Calle 76 87-14 Robledo Palenque, Medellín, Colombia

Con tecnología Koha